[Event "Quebec op U2300"]
[Site "Montreal CAN"]
[Date "2007.07.21"]
[Round "2"]
[White "Larochelle, Martial"]
[Black "Beaudry, Marc-Andre"]
[Result "1-0"]
[WhiteElo "2231"]
[BlackElo "2055"]
[PlyCount "75"]
[GameId "2160767910576322"]
[EventDate "2007.07.20"]
[EventType "swiss"]
[EventRounds "9"]
[EventCountry "CAN"]

1. Nf3 c5 2. c4 b6 3. Nc3 Bb7 4. e4 d6 5. d4 cxd4 6. Nxd4 Nf6 7. Qe2 e6 8. Bg5 Nbd7 9. O-O-O a6 10. f4 Qc7 11. Kb1 Be7 12. f5 e5 13. Nc2 h6 14. Bxf6 Nxf6 15. g4 Bc6 16. h4 Qb7 17. Bg2 b5 18. g5 b4 19. Nxb4 Qxb4 20. gxf6 Bxf6 21. Nd5 Bxd5 22. Rxd5 O-O 23. Rh3 Qb8 24. Qd1 Rd8 25. Bf1 Qc7 26. h5 a5 27. Qa4 Bg5 28. Rhd3 Qb6 29. Qd1 Be7 30. Be2 a4 31. a3 Rab8 32. Rb5 Qc6 33. Rdd5 Ra8 34. Qd2 Bg5 35. Qb4 Be3 36. Bd1 Bc5 37. Qd2 f6 38. Rbxc5 1-0

[Event "Quebec op U2300"]
[Site "Montreal CAN"]
[Date "2007.07.21"]
[Round "2"]
[White "Malveau, Cedric"]
[Black "Le Duin, Thierry"]
[Result "1/2-1/2"]
[WhiteElo "1982"]
[BlackElo "2046"]
[PlyCount "47"]
[GameId "2160767910576323"]
[EventDate "2007.07.20"]
[EventType "swiss"]
[EventRounds "9"]
[EventCountry "CAN"]

1. e4 d5 2. exd5 Nf6 3. d4 Bg4 4. Nf3 Qxd5 5. Be2 Nc6 6. h3 Bh5 7. O-O e6 8. Be3 O-O-O 9. c4 Qf5 10. Qb3 Qa5 11. Nc3 Qb4 12. Qxb4 Bxb4 13. Nb5 a6 14. a3 Be7 15. g4 Bg6 16. Nc3 h5 17. g5 Ne4 18. Nxe4 Bxe4 19. Rfd1 f6 20. h4 fxg5 21. Nxg5 Bxg5 22. hxg5 g6 23. f3 Bf5 24. Rac1 1/2-1/2

[Event "Quebec op U2300"]
[Site "Montreal CAN"]
[Date "2007.07.21"]
[Round "2"]
[White "Regnier, Alain"]
[Black "Tessier, Olivier"]
[Result "0-1"]
[WhiteElo "2102"]
[BlackElo "2218"]
[PlyCount "108"]
[GameId "2160767910576324"]
[EventDate "2007.07.20"]
[EventType "swiss"]
[EventRounds "9"]
[EventCountry "CAN"]

1. e4 c5 2. g3 g6 3. Bg2 Bg7 4. Ne2 Nc6 5. c3 e5 6. d3 Nge7 7. Be3 d6 8. d4 exd4 9. cxd4 Bg4 10. f3 cxd4 11. Nxd4 Be6 12. O-O O-O 13. Nc3 Qb6 14. Nce2 Bc4 15. Qd2 Nxd4 16. Nxd4 Bxf1 17. Bxf1 Nc6 18. Nb5 Qd8 19. f4 Qf6 20. Rb1 Rad8 21. Nxa7 Nxa7 22. Bxa7 Ra8 23. Qf2 Qe6 24. Re1 Qxa2 25. Bd4 Bxd4 26. Qxd4 Qa7 27. Rd1 Qxd4+ 28. Rxd4 Ra2 29. Rb4 Rc8 30. Bc4 Ra1+ 31. Kg2 b5 32. Bb3 Rc5 33. Rd4 Rb1 34. Rd2 Kf8 35. Kf3 Ke7 36. Ke3 Re1+ 37. Kf3 Rb1 38. Ke3 f5 39. exf5 gxf5 40. Kd4 Re1 41. Bc2 Ke6 42. Bb3+ Kd7 43. Bd5 Rcc1 44. Bb3 Re4+ 45. Kd3 Kc6 46. Bg8 Re7 47. b3 b4 48. Rg2 Rc3+ 49. Kd2 d5 50. Rg1 Rxb3 51. Rc1+ Rc3 52. Rxc3+ bxc3+ 53. Kxc3 Kc5 54. Kd3 h6 0-1

[Event "Quebec op U2300"]
[Site "Montreal CAN"]
[Date "2007.07.21"]
[Round "2"]
[White "Robidas, Francois"]
[Black "Campbell, Martin-Alexandre"]
[Result "1-0"]
[WhiteElo "1996"]
[BlackElo "1809"]
[PlyCount "69"]
[GameId "2160767910576325"]
[EventDate "2007.07.20"]
[EventType "swiss"]
[EventRounds "9"]
[EventCountry "CAN"]

1. e4 e5 2. Nf3 Nc6 3. Bb5 Nf6 4. Nc3 Bc5 5. O-O O-O 6. Bxc6 dxc6 7. d3 Re8 8. Ne2 Bg4 9. Ng3 Nh5 10. Nxh5 Bxh5 11. Be3 Bd4 12. Qd2 Bxf3 13. gxf3 Re6 14. Kh1 Qh4 15. Rg1 Qh5 16. Rg3 f5 17. Rag1 g6 18. exf5 Qxf5 19. Qe2 Bxb2 20. Rb1 Ba3 21. Rxb7 Bd6 22. Bxa7 e4 23. fxe4 Bxg3 24. hxg3 Qa5 25. Bd4 c5 26. Be3 Rb6 27. Bd2 Qxa2 28. Rxc7 Qb1+ 29. Kg2 Qxc2 30. Qe3 Rf6 31. Qh6 Rf7 32. Rxf7 Kxf7 33. Qxh7+ Kf6 34. Bg5+ Ke6 35. Qe7# 1-0

[Event "Quebec op U2300"]
[Site "Montreal CAN"]
[Date "2007.07.21"]
[Round "2"]
[White "Rocchetti, Marco"]
[Black "Ramaswamy, Kishor"]
[Result "0-1"]
[WhiteElo "1941"]
[BlackElo "2129"]
[PlyCount "106"]
[GameId "2160767910576326"]
[EventDate "2007.07.20"]
[EventType "swiss"]
[EventRounds "9"]
[EventCountry "CAN"]

1. d4 d5 2. Nf3 Nf6 3. Bf4 c5 4. e3 Nc6 5. c3 Qb6 6. Qb3 c4 7. Qxb6 axb6 8. Na3 Ra5 9. Bc7 Bf5 10. Bxb6 Ra6 11. Bc7 Kd7 12. Nb5 e6 13. Be2 Be7 14. O-O Rha8 15. a3 Ne8 16. Bg3 Ra5 17. b3 Rxb5 18. bxc4 dxc4 19. Bxc4 Rba5 20. a4 Nd6 21. Bxd6 Bxd6 22. Bb5 Bc2 23. c4 Bxa4 24. Rxa4 Rxa4 25. d5 Ra1 26. Nd4 Rxf1+ 27. Kxf1 Rc8 28. dxc6+ bxc6 29. Ba4 Be5 30. Nf3 Bf6 31. g3 Rb8 32. Bc2 Rb2 33. Bd3 h6 34. h4 Kd6 35. Kg2 e5 36. Ne1 g5 37. hxg5 Bxg5 38. Kf3 Ke6 39. Be4 f5 40. Bxc6 e4+ 41. Bxe4 fxe4+ 42. Kxe4 Rxf2 43. Nf3 Bf6 44. g4 Rg2 45. Kf4 Rc2 46. c5 Rxc5 47. Nd2 Bg5+ 48. Kf3 Rc3 49. Nf1 Ke5 50. Kf2 Rc2+ 51. Kf3 Ra2 52. Ng3 Bh4 53. Ne4 Rh2 0-1

[Event "Quebec op U2300"]
[Site "Montreal CAN"]
[Date "2007.07.21"]
[Round "2"]
[White "Rosen, Matthew"]
[Black "Gilbert, Erick"]
[Result "1-0"]
[WhiteElo "2215"]
[BlackElo "1813"]
[PlyCount "115"]
[GameId "2160767910576327"]
[EventDate "2007.07.20"]
[EventType "swiss"]
[EventRounds "9"]
[EventCountry "CAN"]

1. Nf3 Nf6 2. c4 c5 3. e3 e6 4. b3 Nc6 5. Bb2 Be7 6. d4 cxd4 7. exd4 Bb4+ 8. Nbd2 d5 9. Bd3 Ne4 10. a3 Nxd2 11. Nxd2 Bd6 12. O-O O-O 13. Qh5 g6 14. Qf3 Qg5 15. Rfd1 Rd8 16. g3 Be7 17. h4 Qf6 18. Qxf6 Bxf6 19. Nf3 Na5 20. cxd5 Nxb3 21. Rab1 exd5 22. Bc3 Nc5 23. Ba5 Nxd3 24. Bxd8 Bxd8 25. Rxd3 Bf5 26. Rdb3 Bxb1 27. Rxb1 Bb6 28. Rb5 Rd8 29. a4 Rd6 30. a5 Bd8 31. Rxb7 a6 32. Ne5 Bxa5 33. Nxf7 Rb6 34. Nh6+ Kh8 35. Rd7 Rb5 36. Ng4 Kg8 37. Nf6+ Kf8 38. Nxh7+ Ke8 39. Nf6+ Kf8 40. Rxd5 Rxd5 41. Nxd5 Bd2 42. Kf1 a5 43. Ke2 Bc1 44. Kd3 a4 45. Kc2 Bh6 46. Nb6 Bg7 47. Nd7+ Ke7 48. Ne5 Ke6 49. Kb2 Kd5 50. Ka3 Kxd4 51. Nxg6 Ke4 52. g4 Kf3 53. g5 Kxf2 54. h5 Kg3 55. h6 Bd4 56. Nh4 Bc5+ 57. Kxa4 Kxh4 58. g6 1-0

[Event "Quebec op U2300"]
[Site "Montreal CAN"]
[Date "2007.07.21"]
[Round "2"]
[White "Trinh, Tri Bao"]
[Black "Kayembe, Doris"]
[Result "1/2-1/2"]
[WhiteElo "2059"]
[BlackElo "1884"]
[PlyCount "64"]
[GameId "2160767910576328"]
[EventDate "2007.07.20"]
[EventType "swiss"]
[EventRounds "9"]
[EventCountry "CAN"]
[SourceTitle "EXT 2022"]
[Source "ChessBase"]
[SourceDate "2021.10.06"]
[SourceVersion "1"]
[SourceVersionDate "2021.10.06"]
[SourceQuality "1"]

1. c4 e5 2. Nc3 Nf6 3. Nf3 Nc6 4. g3 d5 5. cxd5 Nxd5 6. Bg2 Nb6 7. O-O Be6 8. d3 Be7 9. a3 O-O 10. b4 f6 11. Bb2 Qd7 12. Re1 Rad8 13. Na4 Bh3 14. Bh1 Qe6 15. Qc2 Nxa4 16. Qxa4 a6 17. Rac1 f5 18. Rxc6 Qxc6 19. Qxc6 bxc6 20. Nxe5 Bf6 21. Bxc6 Rd6 22. Rc1 f4 23. Be4 fxg3 24. hxg3 Re8 25. f4 Re7 26. Kf2 Be6 27. Rc5 Bc8 28. g4 Bxg4 29. Bc3 Be6 30. Kf3 Bc8 31. d4 Bxe5 32. fxe5 Rh6 1/2-1/2

[Event "Quebec op U2300"]
[Site "Montreal CAN"]
[Date "2007.07.22"]
[Round "3"]
[White "Bekteshi, Muhamet"]
[Black "Larochelle, Martial"]
[Result "0-1"]
[WhiteElo "2175"]
[BlackElo "2231"]
[PlyCount "64"]
[GameId "2160767910576330"]
[EventDate "2007.07.20"]
[EventType "swiss"]
[EventRounds "9"]
[EventCountry "CAN"]

1. d4 Nf6 2. Nf3 g6 3. c4 Bg7 4. Nc3 d5 5. Bf4 c5 6. e3 O-O 7. Be2 cxd4 8. exd4 Nc6 9. O-O Bg4 10. Re1 Rc8 11. c5 Ne4 12. h3 Bxf3 13. Bxf3 Nxd4 14. Bxe4 dxe4 15. Nxe4 Qd5 16. Bg5 Rfe8 17. Qa4 h6 18. Bh4 Ne6 19. Rad1 Qh5 20. Bg3 Nxc5 21. Nxc5 Qxc5 22. Rd7 Bxb2 23. Rxb7 Bd4 24. Rd1 Red8 25. Rd7 Rxd7 26. Qxd7 e5 27. Kh1 Rf8 28. f4 Qc2 29. Rf1 Qd3 30. Rc1 Qxg3 31. f5 Qf4 32. Rc8 Qf1+ 0-1

[Event "Quebec op U2300"]
[Site "Montreal CAN"]
[Date "2007.07.22"]
[Round "3"]
[White "Drolet, Stephane"]
[Black "Robidas, Francois"]
[Result "0-1"]
[WhiteElo "2199"]
[BlackElo "1996"]
[PlyCount "80"]
[GameId "2160767910576331"]
[EventDate "2007.07.20"]
[EventType "swiss"]
[EventRounds "9"]
[EventCountry "CAN"]

1. Nf3 g6 2. d4 d5 3. c3 Bg7 4. Bf4 Nf6 5. h3 b6 6. e3 O-O 7. Nbd2 Bb7 8. b4 Nbd7 9. Be2 Re8 10. O-O Ne4 11. Nxe4 dxe4 12. Nd2 e5 13. Bg3 c5 14. dxc5 bxc5 15. Nc4 Qc7 16. Qd6 Rac8 17. Qxc7 Rxc7 18. Nd6 Ra8 19. b5 Nb6 20. a4 Nd5 21. Rac1 Rd8 22. Nc4 f6 23. Na5 Bc8 24. Nc6 Rd6 25. Bc4 Be6 26. Rfd1 Kf7 27. Rd2 Bf8 28. Rcd1 Nxc3 29. Rxd6 Bxd6 30. Nd8+ Ke7 31. Rxd6 Bxc4 32. Rd2 Bd5 33. Nc6+ Bxc6 34. bxc6 Rxc6 35. Rb2 Rc7 36. a5 c4 37. a6 Na4 38. Rb8 c3 39. Rb1 c2 40. Rc1 Nb2 0-1

[Event "Quebec op U2300"]
[Site "Montreal CAN"]
[Date "2007.07.22"]
[Round "3"]
[White "Forget, Luc"]
[Black "Audet-Bouchard, Nicolas"]
[Result "1-0"]
[WhiteElo "1992"]
[BlackElo "2245"]
[PlyCount "73"]
[GameId "2160767910576332"]
[EventDate "2007.07.20"]
[EventType "swiss"]
[EventRounds "9"]
[EventCountry "CAN"]

1. d4 Nf6 2. c4 e6 3. g3 c5 4. Nf3 cxd4 5. Nxd4 Bb4+ 6. Bd2 Be7 7. Bg2 Nc6 8. Bc3 O-O 9. O-O d5 10. cxd5 exd5 11. Nd2 Qb6 12. N2b3 a5 13. a4 Rd8 14. Rc1 Nb4 15. Nb5 Nc6 16. Bd2 d4 17. Bf4 Ne8 18. Qc2 Be6 19. h4 Rac8 20. Qd1 Nf6 21. Nd2 Nh5 22. e3 Nxf4 23. exf4 Nb4 24. Ne4 Bc4 25. Re1 Bxb5 26. Rxc8 Rxc8 27. axb5 d3 28. Nc3 Bf6 29. Qg4 Rd8 30. Qd7 g6 31. Qxb7 d2 32. Re8+ Rxe8 33. Qxb6 Bxc3 34. Bf3 Re1+ 35. Kg2 Bxb2 36. Qd8+ Kg7 37. Qxd2 1-0

[Event "Quebec op U2300"]
[Site "Montreal CAN"]
[Date "2007.07.22"]
[Round "3"]
[White "Gilbert, Erick"]
[Black "Bolvary, Tamara"]
[Result "0-1"]
[WhiteElo "1813"]
[BlackElo "2023"]
[PlyCount "48"]
[GameId "2160767910576333"]
[EventDate "2007.07.20"]
[EventType "swiss"]
[EventRounds "9"]
[EventCountry "CAN"]

1. Nf3 d5 2. d4 Nf6 3. c4 c6 4. e3 a6 5. cxd5 cxd5 6. Nc3 Nc6 7. Bd3 Bg4 8. h3 Bxf3 9. Qxf3 e6 10. O-O Be7 11. a3 Rc8 12. Qe2 b5 13. Bd2 O-O 14. Na2 Qb6 15. Nb4 Na5 16. Bc3 Nc4 17. Bb1 a5 18. Nc2 b4 19. Be1 b3 20. Bc3 bxc2 21. Qxc2 Rc7 22. Ba2 Rfc8 23. Bxc4 Rxc4 24. Rfc1 a4 0-1

[Event "Quebec op U2300"]
[Site "Montreal CAN"]
[Date "2007.07.22"]
[Round "3"]
[White "Houska, Jiri"]
[Black "Rosen, Matthew"]
[Result "1-0"]
[WhiteElo "2041"]
[BlackElo "2215"]
[PlyCount "35"]
[GameId "2160767910576334"]
[EventDate "2007.07.20"]
[EventType "swiss"]
[EventRounds "9"]
[EventCountry "CAN"]

1. e4 c5 2. Nf3 d6 3. d4 cxd4 4. Nxd4 Nf6 5. Nc3 a6 6. Be3 e6 7. Be2 Nbd7 8. f4 b5 9. Bf3 Bb7 10. e5 Bxf3 11. Qxf3 dxe5 12. Nc6 Qc7 13. fxe5 Ng4 14. Nd4 Qxe5 15. Qxa8+ Nb8 16. O-O-O Qxe3+ 17. Kb1 Bd6 18. Nf5 1-0

[Event "Quebec op U2300"]
[Site "Montreal CAN"]
[Date "2007.07.22"]
[Round "3"]
[White "Ibrahim, Anthony"]
[Black "Falardeau, Bruno"]
[Result "1-0"]
[WhiteElo "2176"]
[BlackElo "2049"]
[PlyCount "46"]
[GameId "2160767910576335"]
[EventDate "2007.07.20"]
[EventType "swiss"]
[EventRounds "9"]
[EventCountry "CAN"]

1. d4 d5 2. Nc3 Nf6 3. f3 c5 4. e4 dxe4 5. d5 exf3 6. Nxf3 g6 7. Bb5+ Nbd7 8. Qe2 a6 9. Bxd7+ Bxd7 10. Bg5 Qb6 11. O-O Bg7 12. Ne5 Bf5 13. Nc4 Qd8 14. d6 h6 15. dxe7 Qc7 16. Rad1 hxg5 17. Nd6+ Qxd6 18. Rxd6 Ng4 19. Rfd1 Bd4+ 20. R1xd4 cxd4 21. Nd5 Ne3 22. Nxe3 dxe3 23. Qxe3 Rh5 1-0

[Event "Quebec op U2300"]
[Site "Montreal CAN"]
[Date "2007.07.22"]
[Round "3"]
[White "Luksza, Arkadiusz"]
[Black "Malveau, Cedric"]
[Result "1-0"]
[WhiteElo "2289"]
[BlackElo "1982"]
[PlyCount "113"]
[GameId "2160767910576337"]
[EventDate "2007.07.20"]
[EventType "swiss"]
[EventRounds "9"]
[EventCountry "CAN"]

1. d4 Nf6 2. c4 e6 3. Nf3 Bb4+ 4. Nbd2 d5 5. a3 Be7 6. g3 O-O 7. Bg2 a5 8. O-O Nc6 9. Re1 h6 10. e3 Re8 11. b3 Rb8 12. Qc2 Bd7 13. Bb2 Rc8 14. Rad1 Na7 15. e4 dxe4 16. Ne5 Bc6 17. Nxe4 Bxe4 18. Bxe4 Nxe4 19. Qxe4 c6 20. Qf3 Bf6 21. Qh5 Bxe5 22. Qxe5 Qc7 23. Qe3 b6 24. Qf3 Rcd8 25. Qg4 Re7 26. d5 e5 27. a4 f6 28. Ba3 c5 29. Bc1 Kh8 30. f4 Nc8 31. fxe5 Rxe5 32. Bf4 Rxe1+ 33. Rxe1 Qf7 34. Qe6 Qxe6 35. Rxe6 Kg8 36. Bc7 Rf8 37. Bxb6 Nxb6 38. Rxb6 Re8 39. Kf2 Kf7 40. Rb5 Rc8 41. Rxa5 Ke7 42. Rb5 Kd6 43. Rb6+ Ke5 44. Ke3 h5 45. a5 Ra8 46. a6 Ra7 47. Re6+ Kf5 48. Rc6 g5 49. Kf3 Ra8 50. h3 g4+ 51. hxg4+ hxg4+ 52. Ke3 Ra7 53. Rxc5 Rxa6 54. d6+ Ke6 55. Rd5 Kd7 56. Kf4 Rb6 57. Rd3 1-0

[Event "Quebec op U2300"]
[Site "Montreal CAN"]
[Date "2007.07.22"]
[Round "3"]
[White "Ramaswamy, Kishor"]
[Black "Malette, Martin"]
[Result "1-0"]
[WhiteElo "2129"]
[BlackElo "2027"]
[PlyCount "81"]
[GameId "2160767910576338"]
[EventDate "2007.07.20"]
[EventType "swiss"]
[EventRounds "9"]
[EventCountry "CAN"]

1. d4 Nf6 2. Nf3 g6 3. Bg5 Bg7 4. Nbd2 d5 5. e3 O-O 6. Be2 b6 7. b4 c5 8. bxc5 bxc5 9. c3 Qa5 10. Qb3 Nbd7 11. Ne5 Rb8 12. Qc2 Nxe5 13. dxe5 Ne4 14. Nxe4 dxe4 15. Bf4 Qa3 16. O-O Rb2 17. Qc1 Be6 18. c4 Qb4 19. Re1 Rd8 20. a3 Qb3 21. Bd1 Qb6 22. Bc2 Bxc4 23. Bxe4 Be6 24. Rb1 Rdd2 25. Rd1 Rxb1 26. Qxd2 Rxd1+ 27. Qxd1 h6 28. h4 h5 29. Qa4 Qc7 30. Bc2 c4 31. Qe8+ Kh7 32. g4 hxg4 33. h5 Bxe5 34. Bxg6+ Kg7 35. h6+ Kf6 36. Qh8+ Kxg6 37. Qg8+ Kf5 38. Qg5+ Ke4 39. Bxe5 Qxe5 40. Qxe5+ Kxe5 41. h7 1-0

[Event "Quebec op U2300"]
[Site "Montreal CAN"]
[Date "2007.07.22"]
[Round "3"]
[White "Robichaud, Louis"]
[Black "Caire, Francois"]
[Result "1-0"]
[WhiteElo "2088"]
[BlackElo "2275"]
[PlyCount "135"]
[GameId "2160767910576339"]
[EventDate "2007.07.20"]
[EventType "swiss"]
[EventRounds "9"]
[EventCountry "CAN"]

1. e4 c5 2. Nc3 Nc6 3. g3 g6 4. Bg2 Bg7 5. d3 d6 6. f4 e5 7. Nf3 Nge7 8. O-O O-O 9. f5 gxf5 10. Nh4 Nd4 11. exf5 Ndxf5 12. Nxf5 Bxf5 13. Rxf5 Nxf5 14. Qh5 Ne7 15. Nd5 Ng6 16. Be4 c4 17. Bg5 f6 18. Be3 cxd3 19. Bxd3 Qd7 20. Bf5 Qf7 21. Rd1 Rfe8 22. Be4 Nf8 23. Qxf7+ Kxf7 24. Nc7 Ke7 25. Nxe8 Rxe8 26. Bxb7 Rb8 27. Bd5 a5 28. b3 Ne6 29. a4 f5 30. Rf1 f4 31. gxf4 Nxf4 32. Bxf4 exf4 33. Rxf4 Bf6 34. Re4+ Kd7 35. Be6+ Kd8 36. Bf5 h5 37. Re6 Be7 38. Rh6 h4 39. Rh8+ Kc7 40. Rh7 Kd8 41. Kf2 Rb4 42. Ke3 Bg5+ 43. Kd3 Rf4 44. Be4 Kc8 45. Rh5 Bd8 46. Kd4 Rg4 47. h3 Bf6+ 48. Kd3 Rg5 49. Rh6 Be7 50. Kd4 Re5 51. c3 Kc7 52. b4 Kb6 53. Rh7 Re6 54. Bd5 Re1 55. Be4 Bf6+ 56. Kd3 axb4 57. cxb4 Rd1+ 58. Kc2 Rd4 59. a5+ Kb5 60. Rb7+ Ka6 61. Rb6+ Ka7 62. Bc6 Rc4+ 63. Kb3 Rc3+ 64. Ka4 Rxh3 65. Rb7+ Ka8 66. Rf7+ Kb8 67. Rxf6 Rd3 68. a6 1-0

[Event "Quebec op U2300"]
[Site "Montreal CAN"]
[Date "2007.07.22"]
[Round "3"]
[White "Tessier, Olivier"]
[Black "Hajiyev, Elshad"]
[Result "1-0"]
[WhiteElo "2218"]
[BlackElo "2050"]
[PlyCount "89"]
[GameId "2160767910576340"]
[EventDate "2007.07.20"]
[EventType "swiss"]
[EventRounds "9"]
[EventCountry "CAN"]

1. e4 c5 2. Nf3 Nc6 3. d4 cxd4 4. Nxd4 Nf6 5. Nc3 e5 6. Ndb5 d6 7. Bg5 a6 8. Na3 Be6 9. Nc4 Rc8 10. Bxf6 gxf6 11. Ne3 Bh6 12. Bd3 Bxe3 13. fxe3 Qb6 14. Qc1 Rg8 15. O-O Rg7 16. Kh1 Ne7 17. Rxf6 Ng8 18. Rf3 Ne7 19. a4 Qa5 20. Qf1 Qb4 21. Nd1 Kd7 22. c3 Qa5 23. b4 Qc7 24. c4 Rcg8 25. Rf2 h5 26. a5 Ng6 27. Nc3 Nh4 28. Nd5 Bxd5 29. exd5 Ke8 30. Raa2 Qe7 31. e4 Ng6 32. b5 Nf4 33. bxa6 bxa6 34. Rfb2 Qh4 35. Bc2 Rg3 36. Rb8+ Ke7 37. Rxg8 Rxg8 38. Bd1 Qg5 39. g3 Ng6 40. Rb2 Kf8 41. Rb7 Ne7 42. c5 h4 43. cxd6 hxg3 44. dxe7+ Kg7 45. e8=N+ 1-0

[Event "Quebec op U2300"]
[Site "Montreal CAN"]
[Date "2007.07.22"]
[Round "3"]
[White "Trottier, Alain"]
[Black "Trinh, Tri Bao"]
[Result "1/2-1/2"]
[WhiteElo "1879"]
[BlackElo "2059"]
[PlyCount "74"]
[GameId "2160767910576341"]
[EventDate "2007.07.20"]
[EventType "swiss"]
[EventRounds "9"]
[EventCountry "CAN"]
[SourceTitle "EXT 2022"]
[Source "ChessBase"]
[SourceDate "2021.10.06"]
[SourceVersion "1"]
[SourceVersionDate "2021.10.06"]
[SourceQuality "1"]

1. Nf3 c5 2. g3 Nc6 3. Bg2 g6 4. O-O Bg7 5. c4 e5 6. d3 Nge7 7. Nc3 O-O 8. Bg5 f6 9. Bd2 Rb8 10. a3 a5 11. Rb1 d6 12. Nb5 Be6 13. Qc2 Qd7 14. Rfe1 h6 15. e3 Kh7 16. Nh4 f5 17. Nf3 Rbd8 18. h4 b6 19. Nc3 d5 20. cxd5 Nxd5 21. Rbd1 Nc7 22. Bc1 Qf7 23. Nd2 Ne7 24. a4 Na6 25. Qb1 Nb4 26. Bf1 Rd7 27. Nc4 Nc8 28. Na2 Nxa2 29. Qxa2 Rfd8 30. b3 e4 31. Qc2 exd3 32. Bxd3 Bd5 33. e4 Bxe4 34. Bxe4 Rxd1 35. Rxd1 Rxd1+ 36. Qxd1 fxe4 37. Qg4 Qf5 1/2-1/2

[Event "Quebec op U2300"]
[Site "Montreal CAN"]
[Date "2007.07.22"]
[Round "3"]
[White "Voloaca, Mihnea"]
[Black "Benoit-Deschamps, Jean-Marc"]
[Result "1-0"]
[WhiteElo "2267"]
[BlackElo "2101"]
[PlyCount "115"]
[GameId "2160767910576342"]
[EventDate "2007.07.20"]
[EventType "swiss"]
[EventRounds "9"]
[EventCountry "CAN"]

1. Nf3 c5 2. c4 Nf6 3. Nc3 e6 4. g3 b6 5. Bg2 Bb7 6. O-O a6 7. d4 cxd4 8. Qxd4 d6 9. e4 Nbd7 10. Re1 Be7 11. Bg5 O-O 12. Rad1 Qc7 13. h3 Rac8 14. Rc1 h6 15. Bd2 Qc5 16. b3 Qxd4 17. Nxd4 Ne5 18. Re3 Nc6 19. Nce2 Nxd4 20. Nxd4 Rfd8 21. Bb4 Bf8 22. Rce1 Rc7 23. a4 d5 24. Bxf8 Kxf8 25. cxd5 exd5 26. e5 Ne4 27. Nf5 Bc8 28. Bxe4 dxe4 29. Nd6 Be6 30. Rxe4 Bxb3 31. Rb4 Bd5 32. Rxb6 Rc6 33. Reb1 Bf3 34. g4 f6 35. Rb8 Rxb8 36. Rxb8+ Ke7 37. Nf5+ Kd7 38. Rb7+ Kc8 39. Rxg7 Rc1+ 40. Kh2 fxe5 41. Nxh6 e4 42. Nf5 Rh1+ 43. Kg3 Rg1+ 44. Kf4 Rg2 45. Nd6+ Kd8 46. Nxe4 Bxe4 47. Kxe4 Rxf2 48. h4 Ra2 49. h5 Rxa4+ 50. Kf5 Ke8 51. h6 Kf8 52. Ra7 Kg8 53. g5 Rb4 54. Rxa6 Rb8 55. g6 Kh8 56. Ke6 Kg8 57. Rc6 Rd8 58. Ke7 1-0

[Event "Quebec op U2300"]
[Site "Montreal CAN"]
[Date "2007.07.22"]
[Round "3"]
[White "Voskanyan, Vahagn"]
[Black "Ghannoum, Antoine"]
[Result "1-0"]
[WhiteElo "2278"]
[BlackElo "1515"]
[PlyCount "49"]
[GameId "2160767910576343"]
[EventDate "2007.07.20"]
[EventType "swiss"]
[EventRounds "9"]
[EventCountry "CAN"]

1. e4 c5 2. Nf3 d6 3. Bb5+ Bd7 4. Bxd7+ Nxd7 5. c3 Ngf6 6. Qe2 e6 7. O-O Be7 8. d4 Qc7 9. e5 dxe5 10. dxe5 Nd5 11. c4 Nb4 12. Nc3 a6 13. Bf4 O-O 14. Rfe1 Rfd8 15. Rad1 Nf8 16. h4 Nc6 17. h5 Rac8 18. b3 Nd4 19. Qe4 Nxf3+ 20. Qxf3 h6 21. Rxd8 Rxd8 22. Ne4 Rd4 23. Qg3 Kh8 24. Nd6 Bd8 25. Ne8 1-0

[Event "Quebec op U2300"]
[Site "Montreal CAN"]
[Date "2007.07.22"]
[Round "3"]
[White "Wilkin, Alain"]
[Black "Regnier, Alain"]
[Result "1-0"]
[WhiteElo "1913"]
[BlackElo "2103"]
[PlyCount "89"]
[GameId "2160767910576344"]
[EventDate "2007.07.20"]
[EventType "swiss"]
[EventRounds "9"]
[EventCountry "CAN"]

1. b3 d5 2. Bb2 Bf5 3. Nf3 e6 4. e3 h6 5. a3 Nf6 6. d3 Bd6 7. Be2 O-O 8. Nbd2 Nbd7 9. Nd4 Bh7 10. Nb5 Be7 11. O-O c5 12. c4 a6 13. Nc3 d4 14. exd4 cxd4 15. Nce4 e5 16. Nxf6+ Bxf6 17. Qb1 Nc5 18. b4 Ne6 19. Re1 g5 20. g3 Bg7 21. Bf3 f5 22. Bd5 Re8 23. Nf3 Qd6 24. Qa2 Kh8 25. c5 Qd7 26. Bxe6 Rxe6 27. Nxd4 Re7 28. Nf3 Bg8 29. Qb1 Qd5 30. Nd2 Be6 31. Nc4 Rae8 32. Nxe5 Kh7 33. d4 Bf6 34. Bc3 Kg7 35. Qc2 h5 36. h3 Rh8 37. a4 Rh6 38. Qe2 f4 39. Kh2 g4 40. h4 Qd8 41. Qe4 Bd5 42. Qxf4 Re6 43. Bd2 Rh7 44. Qf5 Qe7 45. Ng6 1-0

[Event "Quebec op U2300"]
[Site "Montreal CAN"]
[Date "2007.07.22"]
[Round "3"]
[White "Yuan, Yuanling"]
[Black "Arsenault, Nicolas"]
[Result "0-1"]
[WhiteElo "1964"]
[BlackElo "2121"]
[PlyCount "110"]
[GameId "2160767910576345"]
[EventDate "2007.07.20"]
[EventType "swiss"]
[EventRounds "9"]
[EventCountry "CAN"]

1. e4 e6 2. d4 d5 3. e5 c5 4. c3 Nc6 5. Nf3 Bd7 6. Be2 Nge7 7. O-O Ng6 8. Be3 Be7 9. Nbd2 cxd4 10. cxd4 O-O 11. Nb3 b6 12. Rc1 a5 13. Nbd2 a4 14. Nb1 Qb8 15. Nc3 a3 16. b3 f6 17. exf6 Bxf6 18. Bd3 Nce7 19. Ng5 h6 20. Qh5 hxg5 21. Bxg6 Nxg6 22. Qxg6 Be8 23. Qd3 b5 24. Ne2 b4 25. Rc2 Qb5 26. Qd2 Bg6 27. Rc5 Qd3 28. Qe1 Rab8 29. Nc1 Qf5 30. Ne2 Qd3 31. Rc1 Rfc8 32. Rxc8+ Rxc8 33. Nc1 Qc3 34. Bd2 Qc6 35. Bxb4 Bxd4 36. Bxa3 e5 37. h3 Qf6 38. Bb4 Rc2 39. Bd2 Bb2 40. Qd1 Bd4 41. a4 Ba7 42. b4 d4 43. b5 Rb2 44. Qe2 e4 45. Qd1 Qe7 46. Kh1 Bb8 47. Kg1 Qd6 48. g3 Qf6 49. Qe2 Ba7 50. Qd1 Qf5 51. Qe1 Qc5 52. Kh1 Qd5 53. Kh2 e3 54. Ba5 Qf3 55. b6 Bb8 0-1

[Event "Quebec op U2300"]
[Site "Montreal CAN"]
[Date "2007.07.23"]
[Round "4"]
[White "Arsenault, Nicolas"]
[Black "Ibrahim, Anthony"]
[Result "0-1"]
[WhiteElo "2121"]
[BlackElo "2176"]
[PlyCount "100"]
[GameId "2160767910576346"]
[EventDate "2007.07.20"]
[EventType "swiss"]
[EventRounds "9"]
[EventCountry "CAN"]

1. e4 c5 2. Nf3 Nc6 3. d4 cxd4 4. Nxd4 Nf6 5. Nc3 e5 6. Ndb5 d6 7. Bg5 a6 8. Na3 b5 9. Bxf6 gxf6 10. Nd5 Bg7 11. c4 f5 12. cxb5 Nd4 13. Bd3 Be6 14. O-O Bxd5 15. exd5 e4 16. Be2 O-O 17. Nc2 Nxb5 18. a4 Nc7 19. Rb1 f4 20. f3 f5 21. Nd4 Kh8 22. Bc4 Rc8 23. Nc6 Qg5 24. b4 Rg8 25. b5 axb5 26. axb5 Bf6 27. Rf2 Nxb5 28. Bxb5 Ra8 29. Nd4 Ra3 30. Ne6 Qh6 31. Kh1 Be5 32. Qc1 Rc3 33. Rc2 Qg6 34. Be8 Rxc2 35. Qxc2 Rxe8 36. fxe4 fxe4 37. Re1 e3 38. Qe2 Rc8 39. Qf3 Rg8 40. Rg1 Qf6 41. Rf1 Qh4 42. Rb1 Rc8 43. h3 Qf6 44. Rf1 Qf5 45. g4 Qf6 46. g5 Qf5 47. Re1 Rb8 48. Re2 Qb1+ 49. Kg2 Rb2 50. h4 Rd2 0-1